Foreign correspondent fifty years of reporting South Asia / (Record no. 35616)

MARC details
000 -LEADER
fixed length control field 02922nam a22003617a 4500
005 - DATE AND TIME OF LATEST TRANSACTION
control field 20100503141123.0
008 - FIXED-LENGTH DATA ELEMENTS--GENERAL INFORMATION
fixed length control field 100503t xxu||||| |||| 00| 0 eng d
010 ## - LCCN (DPL NO)
LC control number B-422229-239
020 ## - INTERNATIONAL STANDARD BOOK NUMBER
International Standard Book Number 9780143067559
Terms of availability 450.00
035 ## - SYSTEM CONTROL NUMBER
System control number B-422229-239
037 ## - SOURCE OF ACQUISITION
Source of stock number/acquisition UBH/Ven
040 ## - CATALOGING SOURCE
Original cataloging agency DPL
082 ## - DEWEY DECIMAL CLASSIFICATION NUMBER
Classification number 954.04
245 ## - TITLE STATEMENT
Title Foreign correspondent fifty years of reporting South Asia /
Statement of responsibility, etc edited by John Elliott, Bernard Imhasly and Simon Denyer
260 ## - PUBLICATION, DISTRIBUTION, ETC. (IMPRINT)
Place of publication, distribution, etc New Delhi
Name of publisher, distributor, etc Penguin Books
Date of publication, distribution, etc 2008
300 ## - PHYSICAL DESCRIPTION
Extent xvi, 432p.:
Dimensions 23 cm. (Pbk)
Accompanying material illu.
700 ## - ADDED ENTRY--PERSONAL NAME
Personal name Elliott, John
9 (RLIN) 26502
700 ## - ADDED ENTRY--PERSONAL NAME
Personal name Imhasly, Bernard
9 (RLIN) 26503
700 ## - ADDED ENTRY--PERSONAL NAME
Personal name Denyer, Simon
9 (RLIN) 26504
942 ## - ADDED ENTRY ELEMENTS (KOHA)
Source of classification or shelving scheme Dewey Decimal Classification
Item type English Books
Call number suffix FOR
Classification part 954.04
Holdings
Withdrawn status Lost status Source of classification or shelving scheme Damaged status Not for loan Collection code Home library Current library Date acquired Source of acquisition Cost, normal purchase price Total Checkouts Total Renewals Full call number Barcode Date last seen Copy number Cost, replacement price Koha item type
    Dewey Decimal Classification     Non-fiction Andrews Gunj Andrews Gunj 11/03/2011 UBH/081/14.8.10/64/01.07.2010/04.01.2011 450.00 1 1 954.04 FOR B-422235 29/04/2023 1 450.00 English Books
    Dewey Decimal Classification     Non-fiction Central Library Central Library 11/03/2011 UBH/081/14.8.10/64/01.07.2010/04.01.2011 450.00 9 8 954.04 FOR B-422229 25/09/2023 1 450.00 English Books
    Dewey Decimal Classification     Non-fiction Janak Puri Janak Puri 11/03/2011 UBH/081/14.8.10/64/01.07.2010/04.01.2011 450.00 4 1 954.04 FOR B-422231 25/11/2019 2 450.00 English Books
    Dewey Decimal Classification     Non-fiction Janak Puri Janak Puri 11/03/2011 UBH/081/14.8.10/64/01.07.2010/04.01.2011 450.00 4 2 954.04 FOR B-422232 18/03/2015 2 450.00 English Books
    Dewey Decimal Classification     Non-fiction Karol Bagh Karol Bagh 11/03/2011 UBH/081/14.8.10/64/01.07.2010/04.01.2011 450.00     954.04 FOR B-422238 11/03/2011 1 450.00 English Books
    Dewey Decimal Classification     Non-fiction Patel Nagar Patel Nagar 11/03/2011 UBH/081/14.8.10/64/01.07.2010/04.01.2011 450.00     954.04 FOR B-422230 11/03/2011 1 450.00 English Books
    Dewey Decimal Classification     Non-fiction R.K.Puram-8 R.K.Puram-8 11/03/2011 UBH/081/14.8.10/64/01.07.2010/04.01.2011 450.00 5 8 954.04 FOR B-422234 03/12/2022 1 450.00 English Books
    Dewey Decimal Classification     Non-fiction Sarojini Nagar Sarojini Nagar 11/03/2011 UBH/081/14.8.10/64/01.07.2010/04.01.2011 450.00 2   954.04 FOR B-422233 06/01/2021 1 450.00 English Books
    Dewey Decimal Classification     Non-fiction Shahdara Branch Shahdara Branch 11/03/2011 UBH/081/14.8.10/64/01.07.2010/04.01.2011 450.00 4 5 954.04 FOR B-422239 20/06/2022 1 450.00 English Books
    Dewey Decimal Classification     Non-fiction Sriniwas Puri Sriniwas Puri 11/03/2011 UBH/081/14.8.10/64/01.07.2010/04.01.2011 450.00     954.04 FOR B-422236 11/03/2011 1 450.00 English Books
    Dewey Decimal Classification     Non-fiction Vinoba Puri Vinoba Puri 11/03/2011 UBH/081/14.8.10/64/01.07.2010/04.01.2011 450.00 5 1 954.04 FOR B-422237 04/04/2022 1 450.00 English Books

© Delhi Public Library
Hit Counter
free hit counter